000 00785nam a2200229 a 4500
001 000024625
005 20200930023257.0
008 110201s1982 mx ad r 001 0 spa d
040 _aDO-SdBNP
_bspa
_cBNPHU
082 _axxxxx
_bH896m
100 1 _aHugot, E.
_950498
245 1 0 _aManual para ingenieros azucareros /
_cE. Hugot ; traducción Carlos Ruiz Coutiño.
250 _a6 reimp.
260 _aMéxico, D. F. :
_bCia. Editorial Continental,
_c1982.
300 _a803 p. :
_bil., retrs. ;
_c26 cm.
500 _aIncluye índice
500 _aIncluye índice de autores.
500 _aIncluye notas al pie de las páginas.
534 _pTítulo original en francés:
_tLa sucrerie de cannes
_cParís : Dunod
700 1 _aRuiz Coutiño, Carlos,
_etr.
_950499
049 _aBNGR
999 _c24118
_d24118